| 000 | 00672nam a22001935i 4500 | ||
|---|---|---|---|
| 001 | 155403 | ||
| 003 | ES-MaACL | ||
| 005 | 20230906210048.0 | ||
| 008 | 040726q18951910fr |||| | fre d | ||
| 040 |
_aCAM _bspa _cCAM |
||
| 100 | 1 |
_aHervieu, Paul. _963430 |
|
| 245 | 1 | 2 |
_aL'armature / _cPaul Hervieu. |
| 250 | _a[33e éd.]. | ||
| 260 |
_aParis : _bAlphonse Lemerre éditeur, _c[s.a.] ( _fImprimerie A. Lemerre) |
||
| 300 |
_aII, 324 p. ; _c18 cm. |
||
| 595 | _aLa mención de ed. tomada de la cub. original. | ||
| 596 | _aProbablemente impreso a finales del siglo XIX o comienzos del XX. | ||
| 852 |
_aES-MaACL _jG-15843 _z-- Enc. hol. conservando la cub. origninal |
||
| 999 |
_c155403 _d155403 |
||